000 00392nam a2200157Ia 4500
008 210210b1977 xxu||||| |||| 00| 0 eng d
082 _a581 VASB
100 _aVASHISHTA (B R).
245 _aBotany for degree students: Part I Algae. Ed 6.
250 _a
260 _aNew Delhi
_bS. Chand & Co. Ltd.
_c1977
300 _aix,545
650 _aAlgae
690 _aBotany
906 _a033664
999 _c84420
_d84420